|
|
|
|
| LEADER |
01192nab a2200325 i 4500 |
| 001 |
tort556 |
| 005 |
20221219103030.0 |
| 008 |
221219s2022 hu o 0|| zxx d |
| 022 |
|
|
|a 0133-0500
|
| 040 |
|
|
|a PEREPO TORTENET
|b hun
|
| 041 |
|
|
|a zxx
|
| 245 |
0 |
0 |
|a Ötven tanév emlékei
|h [elektronikus dokumentum] :
|b Kötet jelent meg a helyi közgazdászképzés jubileumára
|
| 260 |
|
|
|a Zalai Hírlap Kiadói Bt.
|b Zalaegerszeg, Magyarország
|c 2022-12-06
|
| 300 |
|
|
|a 2
|
| 490 |
0 |
|
|a Zalai Hírlap
|v 78 No. 284
|
| 695 |
|
|
|a Pannon Egyetem Zalaegerszegi Egyetemi Központ - PE ZEK
|
| 695 |
|
|
|a jubileum
|
| 695 |
|
|
|a könyv
|
| 695 |
|
|
|a könyvkiadás
|
| 695 |
|
|
|a Németh István dr.
|
| 695 |
|
|
|a Palányi Ildikó dr.
|
| 695 |
|
|
|a Balaicz Zoltán
|
| 695 |
|
|
|a Tóth Endre dr.
|
| 695 |
|
|
|a Tóth József dr.
|
| 695 |
|
|
|a Kárászné dr. Rácz Lídia
|
| 695 |
|
|
|a Solt Katalin
|
| 695 |
|
|
|a Csanádi János
|
| 695 |
|
|
|a Doba László dr.
|
| 700 |
0 |
1 |
|a Pezzetta Umberto
|
| 856 |
4 |
0 |
|u https://perepo-tortenet.uni-pannon.hu/id/eprint/556/1/2022-12-06_zalai_h%C3%ADrlap_%C3%96tven%20tan%C3%A9v%20eml%C3%A9kei%20%2878.%20%C3%A9vf.%20284.%20sz.%2C%20p.%202.%29.pdf
|z Dokumentum-elérés
|